Statistics for Three Letter Mammals Quiz

Click here to take the quiz!

General Stats

  • This quiz has been taken 10,231 times
  • The average score is 7 of 14

Answer Stats

Animal% Correct
Cat
96%
Dog
95%
Pig / Hog
82%
Cow
80%
Rat
70%
Bat
67%
Ape
43%
Fox
41%
Elk
34%
Gnu
33%
Yak
30%
Ass
27%
Goa
8%
Kob
6%

Score Distribution

Percentile by Number Answered

Percent of People with Each Score

Your Score History

You have not taken this quiz